| 000 | 00466nam a22001577a 4500 | ||
|---|---|---|---|
| 020 | _a9781292076119 | ||
| 082 | _a670.427 GRO | ||
| 100 |
_aGroover, Mikell P. _910254 |
||
| 245 | _aAutomation production system and computer integrated manufacturing | ||
| 250 | _aFourth | ||
| 260 |
_aUK _bPearson _c2016 |
||
| 300 | _a809 P | ||
| 650 |
_aAutomation Production System and Computer Integrated Manufacturing _969550 |
||
| 700 |
_aJayaprakash, G _969551 |
||
| 942 | _cBK | ||
| 999 |
_c576784 _d576784 |
||